007240000a22002050004500001001000000003001000010005001700020008004100037022001400078040004100092041000800133100004200141245003400183300006100217546002300278773010200301942000800403952009000411999001700501768714001CO-MdFUSB20161124152021.0161124s1998 sp ||||| |||| 00| 0 spa d a0014-1437 aCO-MdFUSBbspacCO-MdFUSBdCO-MdFUSB aspa1 aAlonso Schökel, Luis (1920-)eautor10aEn la mano de Dios (Salmo 31) aVolumen 56. Número 3 (1998), Páginas 405-415c23 cm. aTexto en Español0 tEstudios Bíblicos049452960472gVolumen 56. Número 3 (1998), Páginas 405-415qPágina 405 cANA 001040708HEMaFUSBCbFUSBCd2016-01-26l0o r2016-01-26 00:00:00w2016-01-26yANA c50213d50213